<?xml version="1.0" encoding="UTF-8"?>
<record
    xmlns:xsi="http://www.w3.org/2001/XMLSchema-instance"
    xsi:schemaLocation="http://www.loc.gov/MARC21/slim http://www.loc.gov/standards/marcxml/schema/MARC21slim.xsd"
    xmlns="http://www.loc.gov/MARC21/slim">

  <leader>03992nam a22004577a 4500</leader>
  <controlfield tag="001">113646</controlfield>
  <controlfield tag="003">DR-UNIBE</controlfield>
  <controlfield tag="005">20260331160640.0</controlfield>
  <controlfield tag="008">250516b2024    sp ||||| |||| 00| 0 spa d</controlfield>
  <datafield tag="020" ind1=" " ind2=" ">
    <subfield code="a">9788427732056</subfield>
  </datafield>
  <datafield tag="040" ind1=" " ind2=" ">
    <subfield code="a">BIBLIOTECA UNIBE</subfield>
    <subfield code="c">BIBLIOTECA UNIBE</subfield>
    <subfield code="e">rda</subfield>
  </datafield>
  <datafield tag="041" ind1=" " ind2=" ">
    <subfield code="a">spa</subfield>
  </datafield>
  <datafield tag="082" ind1=" " ind2=" ">
    <subfield code="a">370 P895p</subfield>
  </datafield>
  <datafield tag="245" ind1="1" ind2="3">
    <subfield code="a">Pr&#xE1;cticum y pr&#xE1;cticas externas al encuentro de los Objetivos de Desarrollo Sostenible </subfield>
    <subfield code="c">Mar&#xED;a Jos&#xE9; Cano-Iglesias [y otros quince]</subfield>
  </datafield>
  <datafield tag="260" ind1=" " ind2=" ">
    <subfield code="a">Madrid :  </subfield>
    <subfield code="b">Narcea ,</subfield>
    <subfield code="c">2024</subfield>
  </datafield>
  <datafield tag="300" ind1=" " ind2=" ">
    <subfield code="a">151  p&#xE1;ginas :</subfield>
    <subfield code="b">ilustraciones</subfield>
  </datafield>
  <datafield tag="490" ind1=" " ind2=" ">
    <subfield code="a">Universitaria. Serie Pr&#xE1;cticum</subfield>
  </datafield>
  <datafield tag="505" ind1=" " ind2=" ">
    <subfield code="a">1.	El Pr&#xE1;cticum y las pr&#xE1;cticas en una Universidad que se compromete con la Agenda 2030 |
2.	ODS en el Pr&#xE1;cticum. Producci&#xF3;n cient&#xED;fica vinculada a la educaci&#xF3;n inclusiva (1987-2023) |
3.	Sostenibilidad y Aprendizaje-Servicio. Producci&#xF3;n cient&#xED;fica en los Simposios Internacionales sobre Pr&#xE1;cticum y pr&#xE1;cticas externas |
4.	Las pr&#xE1;cticas curriculares escenario para la adquisici&#xF3;n de competencias en l&#xED;nea con los ODS |
5.	C&#xF3;mo trabajar los ODS en el Pr&#xE1;cticum del Grado en Educaci&#xF3;n Primaria |
6.	Pensamiento cr&#xED;tico y ODS en las pr&#xE1;cticas externas en Educaci&#xF3;n Infantil |
7.	Las pr&#xE1;cticas curriculares y adquisici&#xF3;n de competencias relacionadas con la diversidad sexo-gen&#xE9;rica |
</subfield>
  </datafield>
  <datafield tag="520" ind1="3" ind2=" ">
    <subfield code="a">Este libro ofrece una perspectiva innovadora sobre la integraci&#xF3;n de la Agenda 2030 en la educaci&#xF3;n superior. Explora la conexi&#xF3;n entre el Pr&#xE1;cticum universitario y los Objetivos de Desarrollo Sostenible (ODS), analizando c&#xF3;mo las instituciones educativas pueden asumir un papel proactivo en su consecuci&#xF3;n. 

Aborda la transformaci&#xF3;n necesaria en las universidades para adoptar una visi&#xF3;n global y sostenible. Los autores, expertos en pedagog&#xED;a universitaria, revisan el impacto de los ODS en la formaci&#xF3;n, investigaci&#xF3;n, gobernanza y liderazgo social de las universidades; centr&#xE1;ndose especialmente en c&#xF3;mo el Pr&#xE1;cticum puede alinearse con los ODS, proponiendo estrategias concretas para &#x201C;ODSear&#x201D; las pr&#xE1;cticas externas y vincularlas con los desaf&#xED;os planetarios, fomentando en los estudiantes una conciencia cr&#xED;tica y un compromiso &#xE9;tico con la sociedad.

Los cap&#xED;tulos ofrecen una combinaci&#xF3;n de fundamentos te&#xF3;ricos, casos pr&#xE1;cticos y reflexiones; se analizan las barreras existentes y se proponen soluciones creativas para superarlas, subrayando la importancia de la colaboraci&#xF3;n entre instituciones. 

Una lectura imprescindible para quienes buscan reimaginar la educaci&#xF3;n superior como un motor de cambio social. Proporciona herramientas valiosas para educadores, gestores y estudiantes comprometidos con la formaci&#xF3;n de profesionales capaces de enfrentar los retos globales del siglo XXI desde una perspectiva &#xE9;tica y sostenible.
</subfield>
  </datafield>
  <datafield tag="650" ind1=" " ind2="7">
    <subfield code="2">lemb</subfield>
    <subfield code="a">Educaci&#xF3;n superior</subfield>
  </datafield>
  <datafield tag="653" ind1=" " ind2=" ">
    <subfield code="a">Desarrollo sostenible</subfield>
  </datafield>
  <datafield tag="700" ind1="1" ind2=" ">
    <subfield code="a">Raposo-Rivas, Manuela </subfield>
    <subfield code="e">coodinador</subfield>
    <subfield code="9">195567</subfield>
  </datafield>
  <datafield tag="700" ind1="1" ind2=" ">
    <subfield code="a">Zabalza-Cerdeiri&#xF1;a,  Mar&#xED;a-Ainoa </subfield>
    <subfield code="e">coodinador</subfield>
    <subfield code="9">151713</subfield>
  </datafield>
  <datafield tag="700" ind1="1" ind2=" ">
    <subfield code="a">Cano-Iglesias, Mar&#xED;a Jos&#xE9;</subfield>
    <subfield code="e">autor</subfield>
    <subfield code="9">195633</subfield>
  </datafield>
  <datafield tag="700" ind1="1" ind2=" ">
    <subfield code="a">Cebri&#xE1;n-de-la-Serna, Manuel</subfield>
    <subfield code="e">autor</subfield>
    <subfield code="9">195634</subfield>
  </datafield>
  <datafield tag="700" ind1="1" ind2=" ">
    <subfield code="a">Cebri&#xE1;n Robles, Violeta</subfield>
    <subfield code="e">autor</subfield>
    <subfield code="9">195635</subfield>
  </datafield>
  <datafield tag="700" ind1="1" ind2=" ">
    <subfield code="a">Colmenero Ruiz, M&#xAA; Jes&#xFA;s</subfield>
    <subfield code="e">autor</subfield>
    <subfield code="9">195636</subfield>
  </datafield>
  <datafield tag="700" ind1="1" ind2=" ">
    <subfield code="a">D&#xED;az-Crespo, Ana</subfield>
    <subfield code="e">autor</subfield>
    <subfield code="9">195637</subfield>
  </datafield>
  <datafield tag="700" ind1="1" ind2=" ">
    <subfield code="a">Franco-Mariscal, Antonio Joaqu&#xED;n</subfield>
    <subfield code="e">autor</subfield>
    <subfield code="9">195638</subfield>
  </datafield>
  <datafield tag="700" ind1="1" ind2=" ">
    <subfield code="a">Garc&#xED;a-Fuentes, Olalla</subfield>
    <subfield code="e">autor</subfield>
    <subfield code="9">195559</subfield>
  </datafield>
  <datafield tag="700" ind1="1" ind2=" ">
    <subfield code="a">Moreno-Guti&#xE9;rrez, Mar&#xED;a-Luisa</subfield>
    <subfield code="e">autor</subfield>
    <subfield code="9">195639</subfield>
  </datafield>
  <datafield tag="700" ind1="1" ind2=" ">
    <subfield code="a">P&#xE9;rez-Torregrosa, Ana Bel&#xE9;n</subfield>
    <subfield code="e">autor</subfield>
    <subfield code="9">195640</subfield>
  </datafield>
  <datafield tag="700" ind1="1" ind2=" ">
    <subfield code="a">Ramos-Est&#xE9;vez, Mar&#xED;a-Jos&#xE9;</subfield>
    <subfield code="e">autor</subfield>
    <subfield code="9">195641</subfield>
  </datafield>
  <datafield tag="700" ind1="1" ind2=" ">
    <subfield code="a">R&#xED;os-de-Deus, Mar&#xED;a Paula</subfield>
    <subfield code="e">autor</subfield>
    <subfield code="9">195642</subfield>
  </datafield>
  <datafield tag="700" ind1="1" ind2=" ">
    <subfield code="a">Rodicio-Garc&#xED;a, Mar&#xED;a Luisa</subfield>
    <subfield code="e">autor</subfield>
    <subfield code="9">195643</subfield>
  </datafield>
  <datafield tag="700" ind1="1" ind2=" ">
    <subfield code="a">S&#xE1;nchez S&#xE1;inz, Mercedes</subfield>
    <subfield code="e">autor</subfield>
    <subfield code="9">195644</subfield>
  </datafield>
  <datafield tag="700" ind1="1" ind2=" ">
    <subfield code="a">Soler Costa, Rebeca</subfield>
    <subfield code="e">autor</subfield>
    <subfield code="9">195645</subfield>
  </datafield>
  <datafield tag="700" ind1="1" ind2=" ">
    <subfield code="a">Valle Fl&#xF3;rez, Rosa Eva</subfield>
    <subfield code="e">autor</subfield>
    <subfield code="9">195646</subfield>
  </datafield>
  <datafield tag="700" ind1=" " ind2=" ">
    <subfield code="a">Zabalza Beraza, Miguel &#xC1;ngel,</subfield>
    <subfield code="e">autor</subfield>
    <subfield code="d">1949-</subfield>
    <subfield code="9">151654</subfield>
  </datafield>
  <datafield tag="942" ind1=" " ind2=" ">
    <subfield code="2">ddc</subfield>
    <subfield code="c">BK</subfield>
  </datafield>
  <datafield tag="999" ind1=" " ind2=" ">
    <subfield code="c">113646</subfield>
    <subfield code="d">113646</subfield>
  </datafield>
  <datafield tag="952" ind1=" " ind2=" ">
    <subfield code="0">0</subfield>
    <subfield code="1">0</subfield>
    <subfield code="2">ddc</subfield>
    <subfield code="7">0</subfield>
    <subfield code="8">GEN</subfield>
    <subfield code="a">Principal</subfield>
    <subfield code="d">2025-05-19</subfield>
    <subfield code="l">1</subfield>
    <subfield code="o">370 P895p</subfield>
    <subfield code="p">250593</subfield>
    <subfield code="r">2025-05-21 09:12:36</subfield>
    <subfield code="s">2025-05-21</subfield>
    <subfield code="t">Ej. 1</subfield>
    <subfield code="w">2025-05-19</subfield>
    <subfield code="y">BK</subfield>
  </datafield>
</record>
